[Event "Olympiad-42"]
[Site "Baku"]
[Date "2016.09.11"]
[Round "9.2"]
[White "Flores, Diego"]
[Black "Torre, Eugenio"]
[Result "0-1"]
[WhiteElo "2595"]
[BlackElo "2447"]
[Annotator "Moradiabadi,E"]
[PlyCount "84"]
[EventDate "2016.09.02"]
[EventType "team-swiss"]
[EventRounds "11"]
[EventCountry "AZE"]
[SourceTitle "CBM 175"]
[Source "ChessBase"]
[SourceDate "2016.11.10"]
[SourceVersion "1"]
[SourceVersionDate "2016.11.10"]
[SourceQuality "1"]
[WhiteTeam "Argentina"]
[BlackTeam "Philippines"]
[WhiteTeamCountry "ARG"]
[BlackTeamCountry "PHI"]

{Another fine performance by Torre, this time with the black pieces against
the strong Argentinian GM Diego Flores.} 1. d4 d5 {} 2. c4 c6 {A rare choice
in Torre's broad repertoire. He has 'only' played the Slav 70 times. The first
time he played a Slave was exactly 36 years ago at 1980 chess Olympiad in
Malta!} 3. Nf3 Nf6 4. Nc3 dxc4 {And this has occurred 'only' forty-three times.
} 5. a4 Bf5 (5... Na6 {is what Torre used to play in the 80s. However, this
move's theory has shifted away from being tricky to 'extremely dubious'.}) 6.
e3 {A solid continuation.} (6. Ne5 {is the main and theoretical line in here.}
Nbd7 (6... e6 7. f3 c5 {is another solid approach} 8. e4 Bg6 9. Be3 cxd4 10.
Qxd4 Qxd4 11. Bxd4 Nfd7 12. Nxd7 Nxd7 13. Bxc4 a6 14. Rc1 Rc8 15. Na2 Rg8 16.
h4 h5 17. Ke2 $14 {1-0 (45) Lenic,L (2622)-Mastrovasilis,D (2601) Baku 2016})
7. Nxc4 Qc7 (7... Nb6 8. Ne5 a5 {1-0 (35) Ding,L (2781)-Bu,X (2710) Shenzhen
2015. This is a solid reaction to White's aggressive approach while:}) 8. g3 e5
9. dxe5 Nxe5 10. Bf4 Nfd7 11. Bg2 f6 12. O-O g5 {is the main and most active
reaction to White's play with theory hefty enough for volumes of analyses!})
6... e6 7. Bxc4 Bb4 8. O-O {} O-O {} 9. Nh4 {One of the ambitious moves in
this position.} (9. Qe2 Nbd7 10. e4 Bg6 11. Bd3 Bh5 12. e5 Nd5 13. Nxd5 cxd5
14. Qe3 Be7 {is a well-examined continuation. Here White has two main moves -
Bd2 and Ng5.} 15. Ng5 Bxg5 16. Qxg5 Bg6 17. Be2 Nb8 18. Qxd8 Rxd8 19. Bd2 Nc6
20. Bc3 f6 21. exf6 gxf6 22. a5 a6 23. Rfe1 Kf7 {1/2-1/2 (67) Onischuk,A (2665)
-Akopian,V (2660) Tsaghkadzor 2015; with a balanced position.}) 9... Bg4 {
Torre prefers to keep his bishop.} (9... Nbd7 {is what is considered as the
main line here. The idea behind giving up on the bishop is to build a bind
with the help of the pawn on f5 and rook on e8 against White's f3-e4 plan.} 10.
h3 Bg6 (10... Be4 $5 11. Nxe4 Nxe4 12. Nf3 c5 13. Qb3 Ndf6 14. Rd1 Qa5 15. Ne5
Rab8 16. Be2 Qc7 17. Nd3 Ba5 18. dxc5 Nxc5 19. Nxc5 Qxc5 20. Bd2 {1/2-1/2 (20)
Le,Q (2676)-Nguyen,N (2659) Ho Chi Minh City 2015}) 11. Nxg6 hxg6 12. Qb3 Qb6
13. Rd1 Rad8 14. Bd2 Ba5 (14... a5 {is a typical alternative which has been
examined before.}) 15. Rac1 c5 16. d5 Bxc3 17. Bxc3 Qxb3 18. Bxb3 Nxd5 19. Bxd5
exd5 20. Rxd5 Nb6 21. Rxc5 Nxa4 22. Rc7 Nxc3 23. R1xc3 Rd1+ 24. Kh2 Rd2 25.
Rxb7 Rxf2 26. Kg3 $14 {1-0 (45) Ponomariov, R (2706)-Najer,E (2687) Dortmund
2016. White has some pressure but nothing more than that. However, Najer lost
the game under Ponomariov's constant pressure.}) 10. f3 Bh5 {} 11. g4 {} Nd5
12. Ng2 {} Bg6 {} 13. Na2 {} Be7 {} 14. e4 Nb6 {We are still following the
most common continuation in the theoretical works.} 15. Bb3 a5 (15... Na6 16.
a5 Nd7 17. Nc3 Bb4 18. h4 h6 19. g5 hxg5 20. Bxg5 Be7 21. Qd2 $14 e5 22. d5
Ndc5 23. Bc4 Rc8 24. Rad1 Bxg5 25. Qxg5 Qxg5 26. hxg5 Bh5 27. Ne3 g6 28. dxc6
bxc6 29. Bxa6 Nxa6 30. Nc4 f6 31. gxf6 Rxf6 32. Nxe5 Re8 33. Nd7 Rf7 34. Rd6
Kg7 35. e5 Rxf3 36. Rxc6 Nb4 37. Rd6 Rg3+ 38. Kh2 Rd3 39. Nc5 Re3 40. e6 Bg4
41. Rf4 Rh8+ 42. Kg2 Bh3+ 43. Kf2 Re5 44. Rd7+ Kh6 45. Rh4+ Rh5 46. Rxh5+ gxh5
47. Rxa7 Rc8 48. e7 Nc6 49. Ra6 {1-0 (49) Le,Q (2702)-Vallejo Pons,F (2706)
Tromsoe 2013}) 16. Be3 c5 $1 {After a long period of thought. The engines
confirm this move. This "pseudo-sacrifice" shatters White's centre but the
problem of the bishop on g6, which is left outside of the main battle, remains
unsolved.} 17. dxc5 N6d7 18. Rc1 Na6 19. c6 {White keeps his extra pawn at the
cost of a lot of activity for Black's pieces.} bxc6 20. Rxc6 {} Nac5 21. Nc3 {
} Nxb3 {} 22. Qxb3 {} Ne5 {} 23. Rb6 {} Qc8 $1 {A multi-purpose move: ...
Bc5, ...Bd8, ...Nc4 are a number of threats Black creates with this quiet move.
} 24. Qb5 $6 (24. Ne2 {was necessary and keeps White's pieces cohesive and
harmonious at least for the time being.}) 24... f6 $1 {...Qc8 did also defend
the e6-square. Now, the 'castaway' bishop on g6 returns th the game. Black's
initiative is becoming more dangerous with every move.} 25. Nf4 Be8 26. Qb3 {}
Bf7 {} 27. Qb5 {} (27. Nxe6 $4 {doesn't work due to} Bd8 28. Rd6 Re8 $19)
27... Rd8 {Torre's moves are logical and strong. It is hard to find a good
move with White. It is obvious now that White's queenside adventure with his
rook and queen has already failed.} 28. Rb7 $2 (28. g5 {was a better practical
choice.}) 28... Bb4 {Now Black has clear domination. White's pieces are stuck
on the queenside and material loss seems inevitable in the coming moves.} 29.
Rc1 Nxf3+ $6 {Surprisingly, this is not an accurate move.} (29... Be8 30. Qb6
Rd6 31. Qc7 Rd7 32. Qxc8 Rxc8 33. Rxd7 Bxd7 34. Na2 Rxc1+ 35. Bxc1 Be7 36. Kg2
Bxa4 37. Nc3 Bb3 $17 {with a clear advantage in the endgame for Black.}) 30.
Kg2 Nd4 31. Bxd4 e5 {} 32. Rxf7 $4 {A blunder in a complicated position.} (32.
Kf3 $1 h5 (32... exd4 $4 33. Nce2 {and Black's queen is trapped.}) 33. h3 Be8
34. Qb6 Rd6 35. Na2 Qxc1 36. Nxc1 Rxb6 37. Bxb6 exf4 38. Nd3 {and the position
is balanced! However, I doubt if the players could calculate such a
complicated move order in their time pressure.}) 32... Kxf7 {Black is winning
now.} 33. Nce2 Qxg4+ 34. Kf2 {} exf4 {} 35. Qb7+ {} Kg8 {} 36. Bxf6 {}
gxf6 {} 37. Rc7 Rac8 {In time pressure, Torre misses a mate in 6!} (37... Qh4+
38. Kg2 f3+ 39. Kxf3 Rd3+ 40. Kg2 Qh3+ 41. Kg1 Rd1+ 42. Kf2 Rf1#) 38. Rxh7 Bc5+
{} 39. Ke1 {} Bb4+ {The players reach the time control. Now Torre has enough
time to decide which winning path to choose!} 40. Kf2 Qg6 41. Rd7 Qg5 {} 42.
e5 {} Qh4+ {A great display by Torre who outplayed his opponent in the
middlegame. Both his handling of the opening and his middlgegame play deserve
praise. Florese got too optimistic early on and when he decided to keep things
safe he blundered in the middle of complications.} 0-1

[Event "St Petersburg-Moscow"]
[Site "St Petersburg"]
[Date "2003.05.03"]
[Round "1"]
[White "Aseev, Konstantin N"]
[Black "Deviatkin, Andrei"]
[Result "0-1"]
[WhiteElo "2539"]
[BlackElo "2526"]
[Annotator "Mueller,Karsten"]
[PlyCount "134"]
[EventDate "2003.05.03"]
[EventType "team"]
[EventRounds "2"]
[EventCountry "RUS"]
[SourceTitle "CBM 095"]
[Source "ChessBase"]
[SourceDate "2003.07.25"]
[SourceVersion "1"]
[SourceVersionDate "2003.07.25"]
[SourceQuality "1"]

1. d4 d5 2. c4 c6 3. Nf3 Nf6 4. Nc3 dxc4 5. a4 Bf5 6. e3 e6 7. Bxc4 Bb4 8. O-O
Nbd7 9. Nh4 O-O 10. f3 Bg6 11. Nxg6 hxg6 12. e4 e5 13. Be3 Qe7 14. Ne2 Rfd8 15.
Qb3 exd4 16. Nxd4 Ne5 17. Rfd1 Bc5 18. Be2 Rd7 19. Kh1 Rad8 20. Qc3 b6 21. a5
Qf8 22. axb6 axb6 23. Nc2 Rxd1+ 24. Rxd1 Rxd1+ 25. Bxd1 Bxe3 26. Nxe3 Qd6 27.
Be2 g5 28. Nf5 Qe6 29. Qd2 g4 30. Qd8+ Kh7 31. Qxb6 Qa2 32. Kg1 Qb1+ 33. Kf2
gxf3 34. gxf3 Qh1 35. Qc7 Qxh2+ 36. Kf1 Qh1+ 37. Kf2 Qh2+ 38. Kf1 Nxf3 39.
Qxh2+ Nxh2+ 40. Kf2 Nhg4+ 41. Kg3 Ne5 42. Kf4 Nfd7 43. b4 Kg6 44. b5 Kf6 45.
bxc6 Nxc6 46. Bb5 Nde5 47. Bxc6 Nxc6 48. Ne3 Ne7 49. Ng4+ Ke6 50. Kg5 Nc8 51.
Kf4 Nd6 52. Nh2 Nc4 53. Nf3 f6 54. Nd4+ Kf7 55. Nf3 Kg6 56. Nh4+ Kh5 57. Nf5 g6
58. Ng7+ Kh4 59. Nf5+ Kh3 60. Ne7 g5+ 61. Kf5 g4 62. Nd5 Nd6+ 63. Kxf6 Nxe4+
64. Kf5 Ng3+ 65. Kg5 Ne2 66. Ne3 g3 67. Kh5 Nf4+ {Is the result really 0-1 and
not draw? Ist das Ergebnis wirklich 0-1 und nicht remis?} (67... Nf4+ 68. Kg5
Nd5 69. Nxd5 g2 70. Nf4+ $11) 0-1

[Event "IBM-21 Herinnerungs Toernooi"]
[Site "Amsterdam"]
[Date "1981.05.??"]
[Round "?"]
[White "Portisch, Lajos"]
[Black "Smyslov, Vassily V"]
[Result "0-1"]
[WhiteElo "2650"]
[BlackElo "2545"]
[Annotator "Notkin,M"]
[PlyCount "82"]
[EventDate "1981.05.24"]
[EventType "tourn"]
[EventRounds "11"]
[EventCountry "NED"]
[EventCategory "13"]
[SourceTitle "MCL"]
[Source "ChessBase"]
[SourceDate "1999.07.01"]
[SourceVersion "1"]
[SourceVersionDate "1999.07.01"]
[SourceQuality "1"]

1. Nf3 d5 2. d4 Nf6 3. c4 c6 4. Nc3 dxc4 5. a4 Bf5 6. e3 e6 7. Bxc4 Bb4 8. O-O
Nbd7 9. Nh4 Bg4 10. f3 Bh5 11. e4 (11. g3) (11. g4) 11... Nb6 (11... Nxe4 $2
12. Nxe4 Qxh4 13. g4 Bg6 14. Bg5 Qh3 15. Nf2 $18) (11... Bxc3 12. bxc3 Nxe4 13.
Qe1 Nd6 14. Ba2 $44) 12. Be2 (12. Bb3 Bxc3 13. bxc3 Nxe4 14. Qe1 Nxc3 $1 15. g4
(15. Ba3 $5 $44) 15... Qxd4+ 16. Be3 Qb4 17. Rc1 Qxb3 18. Rxc3 Qxa4 19. gxh5
Nd5 $15) 12... Nfd7 (12... Bxc3 $2 13. bxc3 Nxe4 14. fxe4 Bxe2 15. Qxe2 Qxh4
16. a5 {/\Ba3+/-/}) 13. g3 a5 $1 14. Be3 (14. Ng2 $5) 14... O-O 15. Ng2 f6 16.
Nf4 Bf7 17. Nd3 $2 (17. Qc2 $10) 17... Nc4 $1 18. Bc1 (18. Bf2 Nxb2 $1 $17)
18... e5 19. dxe5 (19. Nxb4 axb4 20. Na2 Qb6 $17) 19... Ndxe5 20. Kh1 Nxd3 21.
Bxd3 Ne5 22. Be2 Qxd1 23. Nxd1 (23. Rxd1 Bb3 $1 $17) 23... Rfd8 24. Nf2 Bc4 $1
25. Bxc4+ Nxc4 26. b3 Nd2 27. Bxd2 Rxd2 28. e5 (28. Rad1 Rad8 29. Kg2 Bc5 $19)
28... fxe5 29. Ne4 Rd3 30. Rab1 Rad8 31. Kg2 Re3 32. Rfd1 Rd5 $1 (32... Rxd1
33. Rxd1 Rxb3 34. Rd7 b5 35. axb5 cxb5 36. Ng5 $132) 33. Kf2 Rxd1 34. Rxd1 Rxb3
35. Rd7 h6 $1 36. Ke2 b5 37. axb5 cxb5 38. f4 exf4 39. gxf4 a4 40. f5 a3 41.
Ra7 (41. f6 a2 42. fxg7 a1=Q $19) 41... Rh3 0-1

[Event "RUS-Cup2"]
[Site "Moscow"]
[Date "1996.??.??"]
[Round "7"]
[White "Notkin, Maksim"]
[Black "Minasian, Ara"]
[Result "1-0"]
[WhiteElo "2520"]
[BlackElo "2425"]
[Annotator "Notkin,M"]
[PlyCount "75"]
[EventDate "1996.11.28"]
[EventType "swiss"]
[EventRounds "9"]
[EventCountry "RUS"]
[SourceTitle "CBM 056 Extra"]
[Source "ChessBase"]
[SourceDate "1997.03.01"]
[SourceVersion "1"]
[SourceVersionDate "1997.03.01"]
[SourceQuality "1"]

1. d4 d5 2. c4 c6 3. Nc3 Nf6 4. Nf3 dxc4 5. a4 Bf5 6. e3 e6 7. Bxc4 Bb4 8. O-O
Nbd7 9. Qe2 Bg4 10. Rd1 (10. h3 Bxf3 11. Qxf3 O-O 12. Rd1 Qa5 (12... Rc8 13.
Ne4 $6 (13. Bd2) 13... Nxe4 14. Qxe4 Qa5 15. Qc2 Nb6 16. Bd3 g6 17. e4 Rfd8 18.
Be2 $10 {Beliavsky,A-Ivanchuk,V/Munchen/1994/0,5/62/}) 13. Bf1 (13. e4) 13...
Rfd8 14. g4 (14. Ne4) (14. Bd2) 14... Rac8 15. Bg2 Nd5 16. Ne4 e5 17. Ng5 $6 (
17. Nd2 $5) 17... N5f6 $15 {Beliavsky,A-Ivanchuk,V/Linares/1994/0-1/38/}) 10...
Nb6 (10... O-O 11. e4 Rc8 12. Bf4 Qa5 13. e5 Nd5 14. Nxd5 cxd5 15. Bd3 Qd8 16.
h3 Bh5 17. g4 Bg6 18. Kg2 $14 {Razuvaev,Y-Chernin,A/Tilburg/1994/0,5/34/}) (
10... Qa5 11. e4 O-O (11... Qh5 12. h3 Bxf3 13. Qxf3 Qxf3 14. gxf3 O-O 15. a5
a6 16. Be2 Rfd8 17. Ra4 $14 {Khalifman,A-Georgiev,Kir/Elenite/1994/0,5/22/})
12. e5 Nd5 13. Nxd5 cxd5 14. Bd3 h6 $6 15. h3 Bh5 16. g4 Bg6 17. g5 $36 {
Lobron,E-Lautier,J/Amsterdam/1994/0,5/29/}) 11. Bb3 (11. Bd3 O-O (11... Nbd5
12. h3 Bh5 13. e4 $5 Nxc3 14. bxc3 Bxc3 15. Rb1 $14) 12. e4 Bxf3 13. Qxf3 (13.
gxf3 Nh5 14. Be3 a5 $13) 13... Qxd4 14. a5 Nc8 (14... Nc4 15. Ra4 $1 Qc5 (15...
c5 16. Nb5) (15... Ne5 16. Qe2 c5 17. Bb5) 16. Na2 $1 Ne5 17. Qe2 Bxa5 18. b4
$16) 15. Ba6 Qc5 16. Bxb7 Rb8 17. a6 $14) 11... Bxc3 $1 (11... Nbd5 12. Na2 Bd6
13. e4 Nf4 14. Qe3 $16) 12. bxc3 Ne4 (12... Nbd5 13. Qe1 Ne4 14. c4 Ndc3 15.
Rd3 Bxf3 16. gxf3 Qg5+ 17. Kf1 $16) 13. Qd3 $1 $8 (13. Qe1 Qf6) (13. Qc2 Ng5
14. Nxg5 Bxd1 15. Qxd1 Qxg5 $15) (13. Bd2 Qf6 14. h3 Bh5 15. g4 Bg6 $36 {>>/})
13... Bf5 (13... Ng5 14. e4 (14. Nxg5 $5 Bxd1 15. Nxf7 Kxf7 16. Qxd1 $44) 14...
Bxf3 (14... Nxf3+ 15. gxf3 $16) 15. Bxg5 (15. gxf3 Nh3+ 16. Kg2 Qh4 17. Qe3 g5
$13) 15... Qxg5 16. Qxf3 $14) 14. Qc2 Nd5 $2 (14... Ng5 15. Qe2 Bg4 (15... Ne4
16. Bb2 Bg4 17. h3 Bh5 18. Qd3 Bg6 19. Qf1 Bh5 20. g4 Bg6 21. Ne5) 16. e4 Bxf3
17. gxf3 Nh3+ 18. Kh1 Qh4 19. Be3 $14) 15. Re1 $1 $16 Ndxc3 (15... O-O 16. Ne5
{/\f3,e4/}) (15... Qa5 16. Ba3 Qxc3 17. Ne5 $16) 16. Ba3 Nd5 17. Ne5 Nef6 18.
e4 Nxe4 19. Rxe4 Nf6 20. Rae1 Nxe4 21. Rxe4 h5 $2 (21... Qc7 22. Qe2 (22. g4
Bg6 $1 23. Nxg6 hxg6 $132) 22... Bxe4 (22... O-O-O 23. Re3 Rxd4 24. Bc5 $16)
23. Qxe4 f6 $16) (21... Qb6 22. Nc4 (22. Nxf7 Kxf7 23. Rf4 Kg6 $1 $13) 22...
Bxe4 23. Nd6+ $16 {/\Ne4/}) 22. Nc4 $18 Qf6 23. Nd6+ Kd7 24. Nxb7 Rhc8 25. Nc5+
Ke8 26. Qc3 Bxe4 27. Nxe4 Qg6 28. Bc2 $2 (28. Qc5 Rc7 29. Qf8+ Kd7 30. Nc5#)
28... f5 29. Nd6+ (29. Qc5 Kf7) 29... Kd7 30. Nxc8 Rxc8 31. Qc5 Rc7 32. Qd6+
Kc8 33. Bd3 Qe8 34. Ba6+ Kb8 35. Qe5 (35. Bb4 Qd7 36. Qf8+) 35... c5 36. Bb5
Qc8 37. Bxc5 Ka8 38. Be2 1-0

[Event "ISR-ch 34th"]
[Site "Haifa"]
[Date "2008.12.11"]
[Round "9"]
[White "Lerner, Konstantin Z"]
[Black "Postny, Evgeny"]
[Result "1-0"]
[WhiteElo "2542"]
[BlackElo "2674"]
[Annotator "Postny,E"]
[PlyCount "97"]
[EventDate "2008.12.01"]
[EventType "swiss"]
[EventRounds "9"]
[EventCountry "ISR"]
[SourceTitle "CBM 127 Extra"]
[Source "ChessBase"]
[SourceDate "2009.01.08"]
[SourceVersion "2"]
[SourceVersionDate "2009.01.28"]
[SourceQuality "1"]

{The situation before the last round of Israeli championships was very tight.
A win would see me jump at least to third place. My opponent, the highly
experienced grandmaster Konstantin Lerner had half a point less than me, and
therefore, intended to play for a win as well.} 1. d4 d5 2. c4 c6 3. Nf3 Nf6 4.
Nc3 dxc4 5. a4 Bf5 6. e3 e6 7. Bxc4 Bb4 8. O-O O-O 9. Nh4 (9. Qe2 {is more
common nowadays. The move in the text leads to a sharper fight.}) 9... Bg4 {
It's also possible to leave the bishop on f5 by playing 9...Nbd7, but I was
trying to provoke some concession on the kingside.} 10. f3 Bh5 11. g4 Bg6 12.
Nxg6 hxg6 13. e4 {White has more control in the centre and the bishop pair.
Black, for his part, hopes to make use of weakened dark squares in White's
camp in the long run.} Qb6 {I wanted to surprise Lerner with this rare move.} (
13... Nbd7 {has appeared more often in practice.}) 14. g5 Rd8 {A useful
intermezzo. The knight would out of place on h5; also, on d7 it would obstruct
the other knight. Therefore, it should retreat to e8 without obstructing the
rook.} (14... Nfd7 $6 15. Kh1 e5 16. d5 Qd4 17. Qe2 $1 Nb6 18. Ba2 Bxc3 19.
bxc3 Qxc3 20. Bd2 Qd4 21. a5 Na4 22. Rfc1 $16 {1/2-1/2 Grigorov,G (2405)
-Galunov,T (2286)/Svilengrad 2006/CBM 111 ext (38)}) 15. Be3 (15. gxf6 $2 Rxd4
16. Qb3 Rxc4+ 17. Kg2 Bxc3 $1 (17... Qa6 $6 18. Rd1 gxf6 19. Rd8+ Kg7 20. Be3
$44 {[%csl Ya8,Yb8]}) 18. Qxc4 Bxf6 $15) 15... Ne8 16. Qe2 Nd7 17. Kh1 {
Moving the king away from the dangerous diagonal.} (17. d5 $2 Bc5 $15) (17. a5
$2 Bxa5 18. d5 Qxe3+ $1 19. Qxe3 Bb6 $17) 17... Qa5 18. Na2 Be7 (18... Qxa4 $4
19. Nc3 $18) (18... Nd6 $5 19. Nxb4 Qxb4 20. b3 {One engine thinks that Black
is okay here, but I didn't want to give up my bishop.}) 19. Qc2 ({An attempt
to trap Black's queen does not work:} 19. b4 Bxb4 20. Nxb4 Qxb4 21. Rfb1 (21.
Rab1 Qa3 22. Rxb7 Nd6 23. Rb3 Qxa4 $15) 21... Qc3 22. a5 Nd6 23. Bd3 Nb5 24.
Rc1 Qb4 25. Rcb1 Qc3 $11) 19... e5 $4 {After a long thought. I realised that I
had was taking a great risk. I even considered the continuation that occurred
in the game, but, somehow I was hoping to outwit Lerner in the forthcoming
complications. Now, all these considerations look totally dumb to me,
especially when the position was perfectly playable iwith the normal ...c6-c5
thrust.} (19... c5 20. d5 (20. dxc5 Bxc5 {is okay for Black.}) 20... exd5 21.
Bd2 (21. Bxd5 Nc7 22. Bxb7 Rab8 23. Bc6 (23. Bd5 Nxd5 24. exd5 Nb6 $15 {
[%csl Rd5]}) 23... Ne5 24. Bb5 Nxb5 25. axb5 Qxb5 $11) 21... Qc7 22. Bxd5 Nb6
23. Nc3 Bd6 24. Rad1 Nxd5 25. Nxd5 Qc6 $11 {[%cal Ge8c7]}) 20. b4 $1 Qc7 (20...
Bxb4 21. Bxf7+ Kxf7 22. Qb3+ Kf8 23. Nxb4 $16) 21. Bxf7+ $1 {[%mdl 512] Of
course. White does not need to calculate until the end, the resulting position
is just too promising for him.} Kxf7 22. Qb3+ Kf8 23. f4 exd4 24. f5 Ne5 (24...
gxf5 25. Rxf5+ Ndf6 26. Bf4 Qc8 (26... Qd7 27. Rf1 Nd6 28. gxf6 Bxf6 29. Bxd6+
Qxd6 30. e5 $18) 27. Rg1 (27. g6 $2 Rd5 $1) (27. Rf1 {is strong as well.})
27... d3 {What else?} 28. Nc3 Qd7 29. g6 Bd6 30. e5 $18) ({After} 24... Nd6 25.
fxg6+ Ke8 26. Bxd4 {[%csl Rg7][%cal Gb3g8] Black's position is totally cramped.
}) 25. fxg6+ Bf6 (25... Nf6 26. Bf4 Ke8 27. gxf6 Bxf6 28. Bxe5 Bxe5 29. Rf7 Rd7
30. Raf1 $18) 26. Bf4 $1 {Only now I realised that Qb3-g3 is inevitable.} Ke7
$8 (26... Rd7 27. Qg3 Ke7 28. gxf6+ gxf6 29. g7 $18) 27. Qg3 (27. Bxe5 $4 Qxe5
28. Qf7+ Kd6 {and the king feels comfortable in the centre.}) 27... Qd6 28.
gxf6+ gxf6 29. Bxe5 {The most practical decision.} Qxe5 30. Qxe5+ fxe5 31. Rf7+
Kd6 (31... Ke6 32. Raf1 {and I have no move, the king is in the mating net.})
32. Raf1 Nc7 33. g7 Ne6 34. R1f6 a5 {Last practical chance.} 35. bxa5 Re8 (
35... c5 36. Rxb7 $18 {[%cal Gb7b6]}) (35... d3 36. h4 d2 37. Nc3 Rg8 38. h5
Rxa5 39. h6 Rc5 40. Nd1 Rc1 41. Rxe6+ $1 Kxe6 42. Rf1 $18 {[%csl Gg7,Gh6][%cal
Gh6h7]}) 36. Nc1 $1 {The last precise move. My connected passed pawns are
actually harmless; White's knight neutralises them easily.} (36. h4 Kc5 $1 {
This what I was hoping for.} 37. Rxe6 Rxe6 38. Rf8 Rg6 39. Rxa8 Rxg7 {and
Black is still in the game as White's pieces are totally discoordinated.})
36... c5 37. Rxb7 c4 38. Rb6+ Kc5 (38... Kd7 39. Rbxe6 Rxe6 40. Rf8 Rg6 41.
Rxa8 Rxg7 42. Ra7+ $18) 39. Rfxe6 d3 40. Na2 {Another proof that a knight is
an excellent blockading piece.} Rxe6 41. Rxe6 Kd4 42. Rd6+ Ke3 43. h4 Rg8 44.
Rd7 Kxe4 45. Kg2 Kf4 46. Kf2 Rb8 47. Rf7+ Ke4 48. Nc3+ Kd4 49. Nb5+ {A nice
game by Konstantin Lerner.} 1-0